Η υποβάθμιση του υπόγειου υδροφόρου ορίζοντα των περιοχών Τυρνάβου, Δένδρων και Πλατανουλίων του νομού Λάρισας, με νιτρικά γεωργικής προέλευσης : μεταπτυχιακή διατριβή

Αποθηκεύτηκε σε:
Λεπτομέρειες βιβλιογραφικής εγγραφής
Κύριος συγγραφέας: Παπαγιάννη, Χριστίνα
Συγγραφή απο Οργανισμό/Αρχή: Πανεπιστήμιο Αιγαίου Σχολή Περιβάλλοντος Τμήμα Περιβάλλοντος Πρόγραμμα Μεταπτυχιακών Σπουδών Γεωργία και Περιβάλλον
Μορφή: Thesis Βιβλίο
Γλώσσα:Greek
Δημοσίευση: 2006.
Θέματα:
Ετικέτες: Προσθήκη ετικέτας
Δεν υπάρχουν, Καταχωρήστε ετικέτα πρώτοι!

MARC

LEADER 00000cam a2200000 i 4500
001 1/40511
008 070202s2006 gr | ||| |||| ||gre||
035 |l 10086852 
040 |a GR-MyUa  |b gre  |e AACR2 
041 0 |a gre 
082 7 |a 363.7394   |2 (22) 
100 1 |a Παπαγιάννη, Χριστίνα. 
245 1 2 |a Η υποβάθμιση του υπόγειου υδροφόρου ορίζοντα των περιοχών Τυρνάβου, Δένδρων και Πλατανουλίων του νομού Λάρισας, με νιτρικά γεωργικής προέλευσης :   |b μεταπτυχιακή διατριβή /   |c Παπαγιάννη Χριστίνα του Ευα. ; υπεύθυνος καθηγητής Κ. Δαναλάτος Νικόλαος. 
260 |c 2006. 
300 |a 95 σ. :   |b διαγρ., πιν., χάρτες ;   |c 30 εκ. 
502 |a Διατριβή (μεταπτυχιακή) – Πανεπιστήμιο Αιγαίου, Λέσβος, 2006. 
504 |a Βιβλιογραφία: σ. 92-94. 
650 0 |a Groundwater  |x Pollution  |z Greece  |z Larisa (Nome) 
650 0 |a Water  |x Pollution  |z Greece  |z Larisa (Nome) 
650 0 |a Agricultural chemicals  |x Environmental aspects. 
650 0 |a Nitrates  |x Environmental aspects. 
650 0 |a Agricultural pollution  |z Greece  |z Larisa (Nome) 
650 0 |a Dissertations, Academic  |z Greece. 
650 0 |a Agricultural pollution  |x Environmental aspects  |z Greece  |z Larisa (Nome) 
700 1 |a Δαναλάτος, Νίκος,  |e dgs 
710 2 |a Πανεπιστήμιο Αιγαίου  |b Σχολή Περιβάλλοντος  |b Τμήμα Περιβάλλοντος  |b Πρόγραμμα Μεταπτυχιακών Σπουδών Γεωργία και Περιβάλλον. 
852 |a INST  |b LESVOS  |c DIATR  |e 20070202  |h 127  |p 005100036623  |q 005100036623  |t MTXE  |y 23 
852 |a INST  |b LESVOS  |c DIATR  |e 20070202  |h 128  |p 005100036622  |q 005100036622  |t MTXE  |y 23 
901 |a BIBL1-2007-1 
924 |a Παπαγιάννη  |b Χριστίνα  |y Λέσβος  |z 2006-11 
970 |a ΒΑΡΚΑ  |b ΕΛΕΥΘΕΡΙΑ  |z 2007/02/02